| 000 | 01506nam a22002537a 4500 | ||
|---|---|---|---|
| 999 |
_c65242 _d65242 |
||
| 005 | 20250909092544.0 | ||
| 008 | s2554 th ||||| |||| 00| 0 tha d | ||
| 020 | _a9789740329138 | ||
| 040 | _aNALT | ||
| 050 |
_aLA 1221 _bพ976ส 2554 |
||
| 100 | 0 |
_aไพฑูรย์ สินลารัตน์. _97508 |
|
| 245 | 1 | 0 |
_aสัตตสิกขาทัศน์ เจ็ดมุมมองการศึกษาใหม่ และการเรียนการสอนนอกกรอบ 7 ประการ / _cผู้เขียน ไพฑูรย์ สินลารัตน์...[และคนอื่น ๆ] |
| 260 |
_aกรุงเทพฯ : _bมหาวิทยาลัยธุรกิจบัณฑิต, _c2554. |
||
| 300 |
_a130 หน้า : _bภาพประกอบ, ตาราง ; _c21 ซม. |
||
| 650 | 0 | 4 |
_aการเรียนรู้ _94287 |
| 650 | 0 |
_aการศึกษา _zไทย _99859 |
|
| 650 | 0 |
_aการพัฒนาการศึกษา _zไทย _930211 |
|
| 650 | 4 |
_aการปฏิรูปการเรียนรู้ _932299 |
|
| 650 | 0 |
_aการปฏิรูปการศึกษา _99442 |
|
| 650 | 0 |
_aการบริหารองค์ความรู้ _920416 |
|
| 850 | _aNALT | ||
| 942 |
_cGB _2lcc |
||
| 998 |
_j1020 _k นางจำเรียง ระวังสำโรง |
||